000 01306nam a22002417a 4500
003 NALT
005 20221112074039.0
008 s2548 th tha d
020 _a9749575644
040 _aNALT
041 _atha
050 _aDS 525
_bร495อ 2548
100 1 _aรีด, แอนโทนี
_955417
245 1 0 _aเอเชียตะวันออกเฉียงใต้ในยุคการค้า ค.ศ.1450-1680 เล่ม 2 การขยายตัวและวิกฤติการณ์ /
_cแอนโทนี รีด เขียน ; พงษ์ศรี เลขะวัฒนะ แปล.
260 _aกรุงเทพฯ :
_bซิลค์เวอร์ม,
_c2548
300 _a400 หน้า :
_bภาพประกอบ, ตาราง ;
_c24 ซม.
650 0 4 _aเอเชียตะวันออกเฉียงใต้ -- รวมเรื่อง -- วิจัย
650 0 4 _aเอเชียตะวันออกเฉียงใต้ -- ประวัติศาสตร์ -- วิจัย
700 0 _aพงษ์ศรี เลขะวัฒนะ
_9126
850 _aNALT
942 _cRSH
_2lcc
999 _c45058
_d45058
998 _j
_kCRON CRON